Handbook of social psychology / (Record no. 33898)
[ view plain ]
| 000 -LEADER | |
|---|---|
| fixed length control field | 00955nam a2200265 a 4500 |
| 001 - CONTROL NUMBER | |
| control field | 33898 |
| 003 - CONTROL NUMBER IDENTIFIER | |
| rucl marc code | BD-RjUL |
| 005 - DATE AND TIME OF LATEST TRANSACTION | |
| control field | 20211209052057.0 |
| 008 - FIXED-LENGTH DATA ELEMENTS--GENERAL INFORMATION | |
| fixed length control field | 140512r19531946enk b 001 0 eng d |
| 035 ## - SYSTEM CONTROL NUMBER | |
| System control number | (BD-RjUL)33990 |
| 040 ## - CATALOGING SOURCE | |
| Original cataloging agency | PLF |
| Transcribing agency | PLF |
| Language of cataloging | eng |
| Modifying agency | BD-RjUL |
| 041 ## - LANGUAGE CODE | |
| Language code of text/sound track or separate title | eng |
| 082 04 - DEWEY DECIMAL CLASSIFICATION NUMBER | |
| Classification number | 302 |
| Author mark and year | YOH 1953 |
| 100 1# - MAIN ENTRY--PERSONAL NAME | |
| Personal name | Young, Kimball, |
| Dates associated with a name | 1893-1972. |
| 9 (RLIN) | 89927 |
| 245 10 - TITLE STATEMENT | |
| Title | Handbook of social psychology / |
| Statement of responsibility, etc. | by Kimball Young. |
| 260 ## - PUBLICATION, DISTRIBUTION, ETC. (IMPRINT) | |
| Place of publication, distribution, etc. | London : |
| Name of publisher, distributor, etc. | Routledge & Kegan Paul, |
| Date of publication, distribution, etc. | 1946 [Impression 1953]. |
| 300 ## - PHYSICAL DESCRIPTION | |
| Pagination | 578 p. : |
| Illustrations | ill. ; |
| Size | 23 cm. |
| 490 1# - SERIES STATEMENT | |
| Series statement | International library of sociology and social reconstruction (Routledge & Kegan Paul) |
| 500 ## - GENERAL NOTE | |
| General note | American edition (New York, Crofts) has title: Social psychology |
| 504 ## - BIBLIOGRAPHY, ETC. NOTE | |
| Bibliography, etc | Includes index. |
| 650 #0 - SUBJECT ADDED ENTRY--TOPICAL TERM | |
| Topical term or geographic name as entry element | Social psychology. |
| 9 (RLIN) | 102991 |
| 830 10 - SERIES ADDED ENTRY--UNIFORM TITLE | |
| Uniform title | International library of sociology and social reconstruction (Routledge & Kegan Paul) |
| 942 ## - ADDED ENTRY ELEMENTS (KOHA) | |
| Source of classification or shelving scheme | Dewey Decimal Classification |
| Koha item type | Books |
| Lost status | Source of classification or shelving scheme | Damaged status | Not for loan | Collection code | Permanent Location | Current Location | Shelving location | Date acquired | Source of acquisition | Cost, normal purchase price | Total Checkouts | Full call number | Date last seen | Copy number | Koha item type |
|---|---|---|---|---|---|---|---|---|---|---|---|---|---|---|---|
| Dewey Decimal Classification | Not For Loan | Non-fiction | Central Library, University of Rajshahi | Central Library, University of Rajshahi | Reading Room | 08/06/1955 | Publishers Untitled | 15.12 | 302 YOH 1953 | 12/05/2014 | C-1 | Books | |||
| Dewey Decimal Classification | Non-fiction | Central Library, University of Rajshahi | Central Library, University of Rajshahi | SIMPKIM MASSHALL | 1.80 | 302 YOH 1953 | 12/05/2014 | C-2 | Books | ||||||
| Dewey Decimal Classification | Non-fiction | Central Library, University of Rajshahi | Central Library, University of Rajshahi | 09/06/1956 | Pub. United | 28.70 | 302 YOH 1953 | 19/06/2014 | C-3 | Books | |||||
| Dewey Decimal Classification | Non-fiction | Central Library, University of Rajshahi | Central Library, University of Rajshahi | 10/02/1955 | Rajshahi : U. B. D. | 8.12 | 302 YOH 1953 | 03/08/2016 | C-4 | Books |